| 000 | 00715cam a2200229 4500 | ||
|---|---|---|---|
| 008 | 090401t1991 xxu||||| |||| 00| 0 eng d | ||
| 020 | _a0118859870 | ||
| 035 | _a(Sirsi) u72006 | ||
| 041 | _aeng | ||
| 050 | _a614.8312 | ||
| 110 |
_aGreat Britain _bHealth and Safety Executive |
||
| 245 | _aRemedial timber treatment in buildings: a guide to good practice and the safe use of wood preservatives. | ||
| 260 |
_aLondon _bHMSO _c1991 |
||
| 300 | _avi,38p. : ill. ; 30cm. | ||
| 350 | _a4 | ||
| 650 | _aFUNGICIDES | ||
| 650 | _aPESTICIDES | ||
| 690 | _aBUILDING AND CONSTRUCTION-REPAIRS AND MAINTENANCE | ||
| 710 |
_aUnited Kingdom _bDepartment of the Environment _9982 |
||
| 942 | _n0 | ||
| 948 | _c04/03/1997 | ||
| 999 |
_c95473 _d95473 |
||